| 000 | 01115nam a22003137a 4500 | ||
|---|---|---|---|
| 003 | CHAP | ||
| 005 | 20220817044302.0 | ||
| 008 | 090828s2008 mx r 00010 spa d | ||
| 010 | _a96656 | ||
| 011 | _a97628 | ||
| 035 | _a108298 | ||
| 040 | _cCHAP | ||
| 082 | 0 | 4 |
_a338.476655 _bD35 |
| 245 | 0 | 3 |
_aEl debate constitucional sobre la reforma de Pemex : _bconclusiones y propuestas _c/compilado por José Antonio Almazán |
| 260 |
_aMéxico, D.F. : _bCámara de Diputados, LX Legislatura. Grupo Parlamentario del PRD, _c2008 |
||
| 300 |
_a138 p. : _bcuadros, gráfs. |
||
| 590 |
_aBATCH-UPD _b10 _c20130110 _lUCH01 _h1653 |
||
| 590 |
_aBATCH-UPD _b10 _c20130410 _lUCH01 _h1042 |
||
| 590 |
_aBATCH-UPD _b10 _c20130914 _lUCH01 _h1315 |
||
| 590 |
_aCONVERSION _b10 _c20130109 _lUCH01 _h1353 |
||
| 650 | 1 | 4 |
_aEnergéticos. _936879 |
| 650 | 1 | 4 |
_aPetróleo _xIndustria. _987665 |
| 650 | 1 | 4 |
_aPetróleo _xLeyes. _987670 |
| 650 | 1 | 4 | _aReformas constitucionales. |
| 700 | 1 |
_aAlmazan, Jose Antonio _e, comp. _94501 |
|
| 901 | _aBK | ||
| 942 | _cLIBRO | ||
| 949 |
_a338.476655 D35 _bBC _cLIBRO _d33724002114504 _eLIBRO _h110895 _i108298 _sb |
||
| 999 |
_c96656 _d96656 |
||